00770nam a2200241 a 4500001000700000005001700007008004100024040001900065041000800084044000700092050002200099100003600121245007100157260004100228300001900269500003900288500001000327650003800337902000800375942001100383999001500394952011900409BRL_7720190320210558.0821217s1966 gw-#######---#000-0#ger-# aDLCcCarPdDLC ager agw 4aPT2613b.G68 19661 aGotsche, Ottod1904-198592284310aGefahren und GefährtenbErzählungen und SkizzencOtto Gotsche. aHalle (Saale)bMitteldeutscherc1966 a227 p.c20 cm. aIncluye dedicatoria a Ruth Lechuga aAu12714aLiteratura AlemanavNovela922844 aGRL 2lcccB c8890d8890 00104070aBRLbBRLd2012-10-09iAu127l0oPT2613 .G68 1966 (Au127)pGRL00091r2019-03-22 00:00:00w2019-03-22yB